Statistics for NBA teams

Click here to take the quiz!

General Stats

  • This quiz has been taken 23 times
    (22 since last reset)
  • The average score is 28 of 31

Answer Stats

HintAnswer% Correct
BrooklynNets
100%
ChicagoBulls
95%
ClevelandCavaliers
95%
BostonCeltics
95%
Los AngelesClippers
95%
MiamiHeat
95%
New YorkKnicks
95%
Los AngelesLakers
95%
San AntonioSpurs
95%
Oklahoma CityThunder
95%
Golden StateWarriors
95%
Philadelphia76ers
90%
MilwaukeeBucks
90%
MemphisGrizzlies
90%
MemphisGrizzlies
90%
AtlantaHawks
90%
UtahJazz
90%
SacramentoKings
90%
DallasMavericks
90%
IndianaPacers
90%
New OrleansPelicans
90%
TorontoRaptors
90%
HoustonRockets
90%
PhoenixSuns
90%
CharlotteHornets
85%
OrlandoMagic
85%
DenverNuggets
85%
DetroitPistons
85%
MinnesotaTimberwolves
85%
WashingtonWizards
85%
PortlandTrailblazers
80%

Score Distribution

Percentile by Number Answered

Percent of People with Each Score

Your Score History

You have not taken this quiz since the last reset